Statistics for Muscles of the Upper Limb and Lower Limb - Yellow Box

Click here to take the quiz!

General Stats

  • This quiz has been taken 5 times
  • The average score is 30 of 99

Answer Stats

GroupsMuscle% Correct
Shoulder jointdeltoid
100%
Shoulder joint (rotator cuff)infraspinatus
100%
Shoulder jointpectoralis major
100%
Shoulder joint (rotator cuff)subscapularis
100%
Shoulder joint (rotator cuff)supraspinatus
100%
Forearm extensor superficial (posterior)extensor digiti minimi
75%
Forearm extensor superficial (posterior)extensor digitorum
75%
Forearm extensor deep (posterior)extensor pollicis brevis
75%
Forearm flexor superficial (anterior)flexor carpi radialis
75%
Forearm flexor superficial (anterior)flexor carpi ulnaris
75%
Forearm flexor intermediate (anterior)flexor digitorum superficialis
75%
Forearm flexor deep (anterior)flexor pollicis longus
75%
Shoulder jointlatissimus dorsi
75%
Pectoral girdlelevator scapulae
75%
Forearm flexor superficial (anterior)palmaris longus
75%
Pectoral girdlepectoralis minor
75%
Forearm flexor deep (anterior)pronator quadratus
75%
Forearm flexor superficial (anterior)pronator teres
75%
Shoulder jointteres major
75%
Shoulder joint (rotator cuff)teres minor
75%
Pectoral girdletrapezius
75%
Forearm extensor deep (posterior)abductor pollicis longus
50%
Intrinsic muscles of the hand (Thenar)adductor pollicis
50%
Arm extensor (posterior)anconeus
50%
Arm flexor (anterior)biceps brachii
50%
Arm flexor (anterior)brachialis
50%
Arm flexor (anterior)coracobrachialis
50%
Intrinsic muscles of the hand (DAB)dorsal interossei
50%
Forearm extensor superficial (posterior)extensor carpi radialis brevis
50%
Forearm extensor superficial (posterior)extensor carpi radialis longus
50%
Forearm extensor superficial (posterior)extensor carpi ulnaris
50%
Forearm extensor deep (posterior)extensor indicis
50%
Forearm extensor deep (posterior)extensor pollicis longus
50%
Forearm flexor deep (anterior)flexor digitorum profundus
50%
Intrinsic muscles of the handlumbricals
50%
Intrinsic muscles of the hand (PAD)palmar interossei
50%
Pectoral girdlerhomboid major
50%
Pectoral girdlerhomboid minor
50%
Pectoral girdleserratus anterior
50%
Forearm extensor deep (posterior)supinator
50%
Arm extensor (posterior)triceps brachii
50%
Intrinsic muscles of the hand (Hypothenar)abductor digiti minimi
25%
Intrinsic muscles of the hand (Thenar)abductor pollicis brevis
25%
Forearm extensor superficial (posterior)brachioradialis
25%
Intrinsic muscles of the hand (Hypothenar)flexor digiti minimi
25%
Intrinsic muscles of the hand (Thenar)flexor pollicis brevis
25%
Iliopsoasiliacus
25%
Intrinsic muscles of the hand (Hypothenar)opponens digiti minimi
25%
Intrinsic muscles of the hand (Thenar)opponens pollicis
25%
Iliopsoaspsoas major
25%
Pectoral girdlesubclavius
25%
Intrinsic muscles of the foot (plantar) 1stabductor digiti minimi
0%
Intrinsic muscles of the foot (plantar) 1stabductor hallucis
0%
Thigh adductor (medial)addductor magnus adductor portion
0%
Thigh adductor (medial)adductor brevis
0%
Intrinsic muscles of the foot (plantar) 3rdadductor hallucis
0%
Thigh adductor (medial)adductor longus
0%
Thigh flexor (posterior)adductor magnus hamstring portion
0%
Thigh flexor (posterior)biceps femoris
0%
Shoulder jointcoracobrachialis
0%
Intrinsic muscles of the foot (plantar) 4thdorsal interossei
0%
Intrinsic muscles of the foot (dorsal)extensor digitorum brevis
0%
Leg extensor (anterior)extensor digitorum longus
0%
Intrinsic muscles of the foot (dorsal)extensor hallucis brevis
0%
Leg extensor (anterior)extensor hallucis longus
0%
Intrinsic muscles of the foot (plantar) 3rdflexor digiti minimi brevis
0%
Intrinsic muscles of the foot (plantar) 1stflexor digitorum brevis
0%
Leg flexor deep (posterior)flexor digitorum longus
0%
Intrinsic muscles of the foot (plantar) 3rdflexor hallucis brevis
0%
Leg flexor deep (posterior)flexor hallucis longus
0%
Leg flexor superficial (posterior)gastrocnemius
0%
Gluteal groupgluteus maximus
0%
Gluteal groupgluteus medius
0%
Gluteal groupgluteus minimus
0%
Thigh adductor (medial)gracilis
0%
Lateral rotatorsinferior gemellus
0%
Intrinsic muscles of the foot (plantar) 2ndlumbricals
0%
Lateral rotatorsobturator externus
0%
Thigh adductor (medial)obturator externus
0%
Lateral rotatorsobturator internus
0%
Thigh adductor (medial)pectineus
0%
Leg everter (lateral)peroneus brevis
0%
Leg everter (lateral)peroneus longus
0%
Leg extensor (anterior)peroneus tertius
0%
Lateral rotatorspiriformis
0%
Intrinsic muscles of the foot (plantar) 4thplantar interossei
0%
Leg flexor superficial (posterior)plantaris
0%
Leg flexor deep (posterior)popliteus
0%
Lateral rotatorsquadratus femoris
0%
Intrinsic muscles of the foot (plantar) 2ndquadratus plantae
0%
Thigh extensor (anterior)quadriceps femoris
0%
Thigh extensor (anterior)sartorius
0%
Thigh flexor (posterior)semimembranosus
0%
Thigh flexor (posterior)semitendinosus
0%
Leg flexor superficial (posterior)soleus
0%
Lateral rotatorssuperior gemellus
0%
Gluteal grouptensor fasciae latae
0%
Leg extensor (anterior)tibialis anterior
0%
Leg flexor deep (posterior)tibialis posterior
0%

Score Distribution

Percentile by Number Answered

Percent of People with Each Score

Your Score History

You have not taken this quiz